000 00538cam a22002291 4500
001 sa 68001623
003 DLC
005 20260227112435.0
008 890509s1967 ii 000 0 kano
010 _asa 68001623
035 _a(OCoLC)19683015
040 _aDLC
_cWaU
_dDLC
042 _apremarc
043 _aa-ii---
050 0 0 _aSK236.M9
_bV4
100 1 _aVeṅkaṭayya, G.
245 1 0 _aNisargada maḍilu.
260 _c[1967]
300 _a156 p.
_c19 cm.
500 _aIn Kannada.
650 0 _aHunting
_zIndia
_zMysore
999 _c78094
_d78094